000 00274nam a22001337a 4500
008 170516b xxu||||| |||| 00| 0 eng d
020 _a9780300111149
041 _aeng
080 _a94(7/8)
100 _a16
101 _aSHH
245 _aCUBA
_cGOT,R
942 _2udc
_cBK
999 _c13442
_d13442